[Event "Wch Blitz"]
[Site "Riadh"]
[Date "2017.12.29"]
[Round "4"]
[White "Harikrishna, Pentala"]
[Black "Rapport, Richard"]
[Result "1-0"]
[WhiteElo "2744"]
[BlackElo "2707"]
[PlyCount "67"]
[EventDate "2017.12.29"]
[EventType "swiss (blitz)"]
[EventRounds "21"]
[EventCountry "SAU"]
[SourceTitle "CBM 182 Extra"]
[Source "ChessBase"]
[SourceDate "2018.02.23"]
[SourceVersion "1"]
[SourceVersionDate "2018.02.23"]
[SourceQuality "1"]

1. Nf3 Nf6 2. g3 b6 3. Bg2 Bb7 4. O-O g6 5. b4 Bg7 6. Bb2 O-O 7. c4 ({RR} 7. a4 d6 8. a5 a6 9. axb6 cxb6 10. c4 Nbd7 11. d4 Rc8 12. Qb3 Qc7 13. Nbd2 Ne4 14. Rfc1 Nxd2 15. Nxd2 Bxg2 16. Kxg2 Qb7+ 17. Qf3 Qxf3+ 18. Kxf3 e5 19. e3 Ra8 20. Ne4 exd4 21. exd4 Rfd8 {Roberson,P (2420)-Piddubna,B (2171) chess.com INT 2024 1-0 (41)}) 7... Na6 $146 ({RR} 7... c5 8. bxc5 bxc5 9. Qb3 Qc8 10. Nc3 d6 11. Rab1 Nbd7 12. Rfc1 Bc6 13. d3 Rb8 14. Qa3 Rb6 15. Ba1 Ra6 16. Qb3 Qa8 17. Qd1 Bh6 18. Rc2 Rb8 19. Ne1 Bxg2 20. Nxg2 Rab6 21. Rcb2 Bg7 22. Rxb6 {Taylor,D (2013)-Eklund,K (2139) Finland 2014 ½-½ (32)}) ({RR} 7... e6 8. d3 Qe7 9. Qb3 d6 10. a4 c5 11. b5 a5 12. Nbd2 Nbd7 13. e3 d5 14. cxd5 exd5 15. d4 c4 16. Qa3 Qe6 17. Ne5 Nxe5 18. dxe5 Ne4 19. Bxe4 dxe4 20. Rac1 Rac8 21. Bd4 Rfd8 22. Qb2 {Turov,M (2585)-Romanov,E (2608) Tallinn 2019 ½-½}) ({RR} 7... d6 8. d3 Nbd7 9. Nbd2 e5 10. Bc3 Ng4 11. Qb3 c5 12. h3 Nh6 13. Nxe5 Bxg2 14. Nxd7 Bxf1 15. Bxg7 Kxg7 16. Qb2+ f6 17. Nxf8 Bxh3 18. f3 Bc8 19. Nxh7 Kxh7 20. Ne4 Kg7 21. g4 Bb7 22. g5 {Passerotti,P-Palmiotto,F Tivoli 1973 0-1}) 8. a3 c5 9. Qb3 d5 10. Nh4 e6 11. Nc3 dxc4 12. Qxc4 Bxg2 13. Kxg2 Qxd2 14. Rab1 Nc7 15. Rfd1 Qg5 16. Nf3 Qh5 17. h3 g5 18. bxc5 Rac8 19. c6 g4 20. hxg4 Qxg4 21. Qxg4 Nxg4 22. Ne4 Bxb2 23. Rxb2 Nd5 24. Rc1 Rc7 25. Nd4 a6 26. a4 Rd8 27. Rb3 f5 28. Nxe6 fxe4 29. Nxd8 Re7 30. Rd1 Re5 31. Rxd5 Rxd5 32. Ne6 Rd6 33. c7 Rc6 34. Rxb6 1-0

[Event "Wch Blitz"]
[Site "Riadh"]
[Date "2017.12.29"]
[Round "4"]
[White "Sjugirov, Sanan"]
[Black "Bortnyk, Olexandr"]
[Result "1-0"]
[WhiteElo "2650"]
[BlackElo "2610"]
[PlyCount "77"]
[EventDate "2017.12.29"]
[EventType "swiss (blitz)"]
[EventRounds "21"]
[EventCountry "SAU"]
[SourceTitle "CBM 182 Extra"]
[Source "ChessBase"]
[SourceDate "2018.02.23"]
[SourceVersion "1"]
[SourceVersionDate "2018.02.23"]
[SourceQuality "1"]

1. Nf3 Nf6 2. g3 b6 3. Bg2 Bb7 4. O-O g6 5. d3 Bg7 6. e4 O-O 7. Nc3 ({RR} 7. e5 Ne8 8. Qe2 d6 9. e6 f5 10. Nc3 c5 11. Re1 Nf6 12. Bg5 Nc6 13. Rad1 Rc8 14. Qd2 Nb4 15. a3 Nbd5 16. Ne2 b5 17. Nh4 Qb6 18. Bh6 Nc7 19. Bxg7 Kxg7 20. Nf4 Bxg2 21. Nhxg2 Ncd5 {Inarkiev,E (2660)-Zvjaginsev,V (2660) Berlin 2015 1-0 (38)}) ({RR} 7. Nbd2 c5 8. Qe2 d6 9. c3 Nbd7 10. Rd1 e6 11. Nf1 Qe7 12. h4 h6 13. Be3 c4 14. dxc4 Nxe4 15. Nd4 Ne5 16. Bf4 Nc5 17. Bxe5 dxe5 18. Nb5 Bxg2 19. Kxg2 a6 20. Nd6 Rad8 21. Ne4 Qb7 {Prokhorov,A (2258)-Kucuksari,K (2440) chess.com INT 2025 0-1 (34)}) 7... d6 8. a4 ({RR} 8. Re1 e5 9. d4 exd4 10. Nxd4 Nfd7 11. Bf4 Ne5 12. Nb3 Nbd7 13. Nd5 Re8 14. c3 Nc5 15. Nxc5 bxc5 16. Ne3 Bc6 17. Qc2 Rb8 18. Rad1 Qc8 19. Bxe5 Bxe5 20. f4 Bg7 21. Nc4 Qa6 22. b3 Re7 {Naroditsky,D (2619)-Bortnyk,O (2608) chess.com INT 2024 0-1 (53)}) 8... a6 9. Ng5 $146 ({RR} 9. Re1 c5 10. e5 dxe5 11. Nxe5 Nd5 12. Bd2 e6 13. a5 b5 14. Ng4 h5 15. Ne5 Nd7 16. Nxd7 Qxd7 17. Ne4 Rac8 18. c3 Rfd8 19. Qf3 Ba8 20. Qe2 b4 21. c4 Ne7 22. Bg5 Bxe4 23. Bxe4 Re8 {Mortazavi,A (2333)-He,A (2447) Chess.com INT 2021 0-1 (31)}) ({RR} 9. Re1 c5 10. e5 dxe5 11. Nxe5 Bxg2 12. Kxg2 Nfd7 13. Nc4 Nc6 14. Bg5 h6 15. Be3 e6 16. Qd2 Kh7 17. h4 Nf6 18. a5 b5 19. Nb6 Nd4 20. Bxd4 cxd4 21. Ne4 Nxe4 22. dxe4 Ra7 23. e5 f6 {Mortazavi,A (2333)-Shahaliyev,I (2413) Chess.com INT 2021 0-1 (35)}) 9... e5 10. f4 Nc6 11. f5 Ne7 12. g4 d5 13. Qe2 Nc6 14. fxg6 hxg6 15. exd5 Nd4 16. Qf2 Nxg4 17. Qh4 Nh6 18. Qh3 Bc8 19. Qg3 Nxc2 20. Rb1 Bf5 21. Nge4 Nd4 22. Bg5 f6 23. Bxh6 Bxh6 24. Rxf5 Kh7 25. Rf2 f5 26. Nd2 Qd6 27. Nf3 Nxf3+ 28. Qxf3 Rae8 29. Re1 Qb4 30. Kh1 Kg7 31. Rg1 Qd4 32. Bh3 Kh7 33. Rfg2 e4 34. Qg3 Rg8 35. dxe4 fxe4 36. Be6 Rg7 37. Qh4 Rf8 38. Nxe4 Rf4 39. Ng5+ 1-0

[Event "Wch Blitz"]
[Site "Riadh"]
[Date "2017.12.29"]
[Round "5"]
[White "Zhao, Jun"]
[Black "Kokarev, Dmitry"]
[Result "1-0"]
[WhiteElo "2604"]
[BlackElo "2615"]
[PlyCount "109"]
[EventDate "2017.12.29"]
[EventType "swiss (blitz)"]
[EventRounds "21"]
[EventCountry "SAU"]
[SourceTitle "CBM 182 Extra"]
[Source "ChessBase"]
[SourceDate "2018.02.23"]
[SourceVersion "1"]
[SourceVersionDate "2018.02.23"]
[SourceQuality "1"]

1. Nf3 Nf6 2. g3 g6 3. Bg2 Bg7 4. O-O O-O 5. d3 c5 6. Nc3 Nc6 7. a3 Rb8 ({RR} 7... b6 8. Rb1 Bb7 9. b4 d6 10. bxc5 dxc5 11. Na4 Nd4 12. Nxd4 Bxg2 13. Ne6 Qe8 14. Kxg2 Qc6+ 15. Kg1 Qxe6 16. Bb2 h5 17. e4 Rad8 18. Qe2 h4 19. Rfe1 hxg3 20. hxg3 Qh3 21. Qf1 Qd7 22. Nc3 {Frias Pablaza,V (2515)-Donaldson,J (2430) San Francisco 1997 ½-½ (35)}) ({RR} 7... d6 8. e4 Rb8 9. Rb1 Bg4 10. h3 Bxf3 11. Bxf3 Nd7 12. Nd5 b5 13. b4 e6 14. Ne3 a5 15. bxc5 dxc5 16. Bb2 Bxb2 17. Rxb2 Qf6 18. Rb1 Rfd8 19. Bg2 c4 20. Qc1 Nd4 21. Kh1 cxd3 22. cxd3 {Taranowicz,M (2164)-Sushchev,A (2371) Jastrzebia Gora POL 2024 0-1 (42)}) 8. Rb1 b6 9. b4 d6 10. Bg5 $146 ({RR} 10. Nh4 Bd7 11. e4 Qc8 12. b5 Nd4 13. Re1 a6 14. a4 axb5 15. axb5 Qe8 16. e5 dxe5 17. Rxe5 Nxb5 18. Nxb5 Bxb5 19. Bf4 Rd8 20. Qe1 e6 21. Re2 c4 22. Bc7 cxd3 23. Bxd8 dxe2 24. Bxb6 Nd5 {Hofstetter,H (2315)-Golda,H (2365) Kahl 1996 ½-½ (77)}) 10... Bb7 11. Qd2 Rc8 12. bxc5 dxc5 13. Bxf6 exf6 14. Ne4 Qe7 15. c4 f5 16. Nc3 Bxc3 17. Qxc3 Rcd8 18. Rfe1 Rfe8 19. h4 Qd6 20. Qc1 Qf6 21. Qh6 Re7 22. Ng5 Qg7 23. Qxg7+ Kxg7 24. Kf1 Nd4 25. Bxb7 Rxb7 26. Nh3 Ne6 27. Ng5 Rbd7 28. Nxe6+ fxe6 29. a4 Rd6 30. a5 Kf6 31. Rb5 Rc6 32. axb6 axb6 33. Ra1 h6 34. Ra7 g5 35. h5 g4 36. Rb7 Rdd6 37. Kg2 Kg5 38. Rg7+ Kf6 39. Rg6+ Ke5 40. Rxh6 Rd7 41. Rh8 Ra7 42. h6 Kf6 43. Rb8 Kg6 44. R5xb6 Rac7 45. Rxc6 Rxc6 46. Rh8 Ra6 47. Rc8 Ra2 48. e3 Rd2 49. Rxc5 Rxd3 50. Rc6 Kxh6 51. Rxe6+ Kg5 52. c5 Rc3 53. c6 Rc2 54. Kf1 Kh5 55. Ke1 1-0

[Event "Wch Blitz"]
[Site "Riadh"]
[Date "2017.12.29"]
[Round "8"]
[White "Amin, Bassem"]
[Black "Nepomniachtchi, Ian"]
[Result "1-0"]
[WhiteElo "2689"]
[BlackElo "2729"]
[PlyCount "149"]
[EventDate "2017.12.29"]
[EventType "swiss (blitz)"]
[EventRounds "21"]
[EventCountry "SAU"]
[SourceTitle "CBM 182 Extra"]
[Source "ChessBase"]
[SourceDate "2018.02.23"]
[SourceVersion "1"]
[SourceVersionDate "2018.02.23"]
[SourceQuality "1"]

1. e4 c5 2. Nf3 d6 3. g3 g6 4. Bg2 Bg7 5. O-O Nc6 6. c3 e5 7. d3 Nge7 8. a3 O-O 9. b4 h6 10. Nbd2 Be6 11. Nb3 b6 12. b5 Nb8 13. a4 Nd7 ({RR} 13... c4 14. dxc4 Bxc4 15. Re1 Qc7 16. Ba3 Rd8 17. Nfd2 Be6 18. Nf1 a6 19. Bb4 axb5 20. axb5 Rxa1 21. Nxa1 Bc4 22. Qa4 Qd7 23. Rd1 Qxb5 24. Qxb5 Bxb5 25. Rxd6 Rxd6 26. Bxd6 Nbc6 27. Bc7 Nc8 28. Bh3 {Amin,B (2667)-Restas,P (2064) Ajka HUN 2024 1-0 (39)}) 14. Nfd2 d5 $146 ({RR} 14... Rc8 15. Nc4 Qc7 16. Ne3 Rfd8 17. c4 Rf8 18. Bb2 f5 19. f4 Rce8 20. a5 Kh7 21. Nd2 Rf7 22. Nd5 Qb8 23. axb6 axb6 24. Ra6 Bxd5 25. cxd5 Nc8 26. Nc4 Qc7 27. exf5 gxf5 28. Qh5 Ref8 29. fxe5 {Amin,B (2680)-Tukhaev,A (2534) Abu Dhabi 2021 1-0 (41)}) ({RR} 14... Rc8 15. Nc4 Qc7 16. Ne3 Rfd8 17. c4 Rf8 18. Bb2 f5 19. f4 Rce8 20. a5 Kh7 21. Nd2 Rf7 22. Nd5 Qb8 23. axb6 axb6 24. Ra6 Bxd5 25. cxd5 Nc8 26. Nc4 Qc7 27. exf5 gxf5 28. Qh5 Ref8 29. fxe5 {Amin,B (2680)-Tukhaev,A (2534) Abu Dhabi 2021 1-0 (41)}) 15. c4 d4 16. f4 Qc7 17. f5 gxf5 18. exf5 Nxf5 19. Bxa8 Ne3 20. Qf3 Nf6 21. Ne4 Nxe4 22. Bxe3 Rxa8 23. Qxe4 Rf8 24. Bd2 f5 25. Qc6 Qe7 26. Rae1 e4 27. dxe4 f4 28. Bxf4 Bxc4 29. Nd2 Bxf1 30. Qd5+ Kh8 31. Bd6 Qf6 32. Bxf8 Bh3 33. Bxg7+ Kxg7 34. e5 Qg5 35. Nf3 Qf5 36. Qb7+ Kh8 37. e6 Qc2 38. Ne5 Bxe6 39. Qe7 Bg8 40. Qf6+ Kh7 41. Qe7+ Kh8 42. Nd7 Qf5 43. Qe5+ Qxe5 44. Nxe5 Bb3 45. Nc6 d3 46. Re8+ Kg7 47. Rd8 c4 48. Nb4 Bxa4 49. Nxd3 cxd3 50. Rxd3 Bxb5 51. Ra3 a6 52. Kf2 Kf6 53. Ke3 Ke5 54. Rc3 Kd5 55. h4 a5 56. g4 a4 57. Rc8 Bd7 58. Rd8 Kc6 59. g5 hxg5 60. hxg5 Bf5 61. Rf8 Bb1 62. g6 Bxg6 63. Rf6+ Kc5 64. Rxg6 Kc4 65. Kd2 b5 66. Kc2 b4 67. Rg4+ Kb5 68. Kb2 Kc5 69. Rf4 Kb5 70. Kc2 Kc5 71. Kd3 a3 72. Rf5+ Kb6 73. Kc4 a2 74. Rf1 Ka5 75. Kb3 1-0

[Event "Wch Blitz"]
[Site "Riadh"]
[Date "2017.12.29"]
[Round "8"]
[White "Anton Guijarro, David"]
[Black "Ni, Hua"]
[Result "1-0"]
[WhiteElo "2666"]
[BlackElo "2671"]
[PlyCount "96"]
[EventDate "2017.12.29"]
[EventType "swiss (blitz)"]
[EventRounds "21"]
[EventCountry "SAU"]
[SourceTitle "CBM 182 Extra"]
[Source "ChessBase"]
[SourceDate "2018.02.23"]
[SourceVersion "1"]
[SourceVersionDate "2018.02.23"]
[SourceQuality "1"]

1. Nf3 d5 2. b3 Nf6 3. Bb2 Bg4 4. g3 Nbd7 5. Bg2 e6 6. O-O Bd6 7. d3 O-O ({RR} 7... a5 8. a3 c6 9. Nbd2 Qc7 10. c4 h6 11. Rc1 O-O 12. cxd5 exd5 13. Nd4 Qb6 14. h3 Bh5 15. Nf5 Be5 16. Bxe5 Nxe5 17. g4 Bg6 18. Ng3 Rfe8 19. Qc2 h5 20. g5 Nh7 21. h4 Qd4 22. Qc3 {Vetoshko,V (2505)-Maycock Bates,D (2266) chess.com INT 2024 1-0 (41)}) 8. Nbd2 Qe7 9. a3 e5 $146 ({RR} 9... c6 10. h3 Bh5 11. e4 dxe4 12. dxe4 Be5 13. c3 Rad8 14. Qc2 Bc7 15. a4 Rfe8 16. Rfe1 e5 17. a5 h6 18. Nh4 Qe6 19. b4 Nf8 20. c4 Qd7 21. Nb3 Ne6 22. g4 Nxg4 23. hxg4 Bxg4 24. f3 {Nakamura,H (2787)-Kramnik,V (2800) Moscow 2018 1-0 (70)}) ({RR} 9... Rfd8 10. Qe1 e5 11. e4 dxe4 12. Nxe4 Bxf3 13. Bxf3 Nxe4 14. Qxe4 c6 15. Rfe1 Re8 16. Bg2 Rad8 17. b4 a6 18. Re2 Qf8 19. Qc4 Kh8 20. Qb3 f6 21. Rae1 Qg8 22. c4 Bb8 23. Qc2 Qf7 24. h4 {Salgado Lopez,I (2622)-Paichadze,L (2581) Kocaeli 2017 ½-½ (58)}) 10. e4 d4 11. h3 Bh5 12. Nc4 b5 13. Nxd6 Qxd6 14. Qd2 c5 15. a4 a6 16. Nh4 Qc7 17. f4 exf4 18. gxf4 Rac8 19. axb5 axb5 20. e5 Ne8 21. Nf5 Nb6 22. Ng3 g6 23. Nxh5 gxh5 24. Kh1 f5 25. Ra6 Ng7 26. Qa5 Rb8 27. Ra7 Qd8 28. Rg1 Kh8 29. Qxb5 Ne6 30. Qc6 Re8 31. Bf3 Qh4 32. Bg2 Qg3 33. Bc1 Qf2 34. Qf3 Qh4 35. Bd2 Rg8 36. Bf1 Rxg1+ 37. Kxg1 Rg8+ 38. Kh2 Nd5 39. Kh1 Ne3 40. Ra8 Nxf4 41. Rxg8+ Kxg8 42. Bxe3 dxe3 43. Qxe3 Kf7 44. c3 Ne6 45. Bg2 Nf4 46. e6+ Kg7 47. e7 Nxg2 48. Kxg2 f4 1-0

[Event "Wch Blitz"]
[Site "Riadh"]
[Date "2017.12.29"]
[Round "8"]
[White "Artemiev, Vladislav"]
[Black "Vallejo Pons, Francisco"]
[Result "1-0"]
[WhiteElo "2691"]
[BlackElo "2707"]
[PlyCount "70"]
[EventDate "2017.12.29"]
[EventType "swiss (blitz)"]
[EventRounds "21"]
[EventCountry "SAU"]
[SourceTitle "CBM 182 Extra"]
[Source "ChessBase"]
[SourceDate "2018.02.23"]
[SourceVersion "1"]
[SourceVersionDate "2018.02.23"]
[SourceQuality "1"]

1. Nf3 d5 2. c4 dxc4 3. Qa4+ Nc6 4. Qxc4 e5 5. d3 ({RR} 5. Nc3 Nf6 6. g3 Bd6 7. Bg2 O-O 8. O-O Be6 9. Qa4 Re8 10. d3 h6 11. Bd2 Qd7 12. Rfc1 a6 13. Qd1 Bg4 14. a3 Nd4 15. Nh4 Rab8 16. b4 Rec8 17. Rab1 c5 18. Qf1 cxb4 19. axb4 Rxc3 {Arabidze,M (2457)-Martinez Reyes,P (2325) chess.com INT 2024 1-0 (75)}) 5... h6 ({RR} 5... Bd6 6. g3 h6 7. Bg2 Nf6 8. O-O O-O 9. a3 a5 10. Qc2 Bg4 11. Nbd2 a4 12. h3 Be6 13. Kh2 Qd7 14. e4 Nh7 15. Nc4 b5 16. Ne3 Ng5 17. Nxg5 hxg5 18. Nf5 f6 19. Be3 Rfc8 20. Qe2 {Bauer,C (2619)-Rausis,I (2512) Evry 2008 0-1 (64)}) 6. g3 Be6 $146 ({RR} 6... g5 7. Bg2 Bg7 8. Nc3 Nge7 9. Be3 O-O 10. O-O Nd4 11. Bxd4 exd4 12. Na4 Be6 13. Qc2 b6 14. a3 Nd5 15. Qc6 Ne7 16. Qc2 a5 17. Kh1 c5 18. e3 Ra7 19. exd4 g4 20. Nh4 Qxd4 21. Rab1 {Gross,S (2391)-Sulava,N (2531) Imperia 2001 0-1}) ({RR} 6... Nf6 7. Bg2 Bd6 8. O-O O-O 9. Qc2 Be6 10. Nc3 Nb4 11. Qd2 c5 12. b3 Nc6 13. Bb2 Qd7 14. Rfd1 Rad8 15. Rac1 b6 16. Qc2 Bg4 17. Rd2 Bxf3 18. exf3 Qf5 19. Ne4 Nd5 20. Qd1 Be7 21. a3 {Stoynov,S (2097)-Nikolov,J (2038) Plovdiv 2014 1-0 (87)}) 7. Qa4 Qd7 8. Be3 Nf6 9. Nc3 Nd5 10. Nxd5 Bxd5 11. Bg2 Bb4+ 12. Kf1 Be7 13. Rc1 f6 14. h4 Rd8 15. Bc5 O-O 16. h5 Qe6 17. Bxe7 Qxe7 18. Nh4 Qf7 19. Nf5 Rfe8 20. Rh4 Be6 21. Ne3 Nd4 22. Bxb7 Bxa2 23. Qxa7 c5 24. Qa6 Be6 25. Nc4 Qe7 26. Bg2 Rb8 27. Qd6 Bxc4 28. Qxe7 Rxe7 29. Rxc4 Rxb2 30. Bd5+ Kh7 31. e3 Nb3 32. Rc3 Nd2+ 33. Kg2 Ra7 34. Rxc5 Ra3 35. Rc8 g5 1-0

[Event "Wch Blitz"]
[Site "Riadh"]
[Date "2017.12.29"]
[Round "9"]
[White "Petrosian, Tigran L"]
[Black "Onischuk, Vladimir"]
[Result "1-0"]
[WhiteElo "2601"]
[BlackElo "2637"]
[PlyCount "119"]
[EventDate "2017.12.29"]
[EventType "swiss (blitz)"]
[EventRounds "21"]
[EventCountry "SAU"]
[SourceTitle "CBM 182 Extra"]
[Source "ChessBase"]
[SourceDate "2018.02.23"]
[SourceVersion "1"]
[SourceVersionDate "2018.02.23"]
[SourceQuality "1"]

1. Nf3 g6 2. g3 Bg7 3. Bg2 Nf6 4. O-O O-O 5. d3 d6 6. e4 c5 7. Nh4 Nc6 ({RR} 7... d5 8. e5 Nfd7 9. f4 e6 10. Qe1 b6 11. g4 Bb7 12. Qg3 Qc7 13. Nd2 Nc6 14. Ndf3 a5 15. Ng5 Nb4 16. Rf2 d4 17. Nhf3 c4 18. Nxh7 Kxh7 19. Ng5+ Kg8 20. Qh4 Rfe8 21. Qh7+ Kf8 22. f5 {Sai,K (2374)-Kiewra,K (2279) chess.com INT 2025 1-0 (54)}) 8. f4 Nd7 $146 ({RR} 8... Ng4 9. c3 f5 10. Na3 Nh6 11. Nc4 Rb8 12. Ne3 e6 13. Bd2 Bd7 14. a3 b5 15. b4 a5 16. bxc5 dxc5 17. e5 Nf7 18. Nf3 g5 19. Ne1 Be8 20. N3c2 b4 21. axb4 cxb4 22. d4 b3 23. Ne3 {Bilek,I-Damjanovic,M Balatonfured 1960 0-1 (37)}) ({RR} 8... Bg4 9. Qe1 Nd4 10. Rf2 Bd7 11. h3 e6 12. c3 Nc6 13. Na3 d5 14. e5 Nh5 15. Rf1 g5 16. Nf3 gxf4 17. g4 Ng3 18. Rf2 f5 19. g5 Nh5 20. Re2 a6 21. Nc2 Ng3 22. Rf2 Nh5 23. d4 {Petrosian,T (2601)-Ganguly,S (2633) Moscow 2019 0-1 (38)}) ({RR} 8... Rb8 9. a4 a6 10. h3 Nd7 11. f5 c4 12. Nc3 cxd3 13. cxd3 b5 14. axb5 axb5 15. Nf3 Nde5 16. Nxe5 Nxe5 17. Bg5 Bb7 18. Kh2 b4 19. Ne2 h6 20. Bf4 g5 21. Bc1 Nd7 22. h4 Bf6 23. hxg5 {Tobak,M (2334)-Domin,Y (1908) Kyiv UKR 2023 1-0 (52)}) 9. f5 b5 10. Nc3 c4 11. Kh1 cxd3 12. cxd3 Bb7 13. Bg5 Nd4 14. a3 a5 15. Ne2 Nxe2 16. Qxe2 Nc5 17. Qe3 Nb3 18. Rad1 Bd4 19. Qe2 Bg7 20. Qe3 Rc8 21. Bh6 Rc2 22. fxg6 fxg6 23. Bxg7 Kxg7 24. Rxf8 Qxf8 25. Rf1 Qe8 26. Qg5 Nd4 27. b4 axb4 28. axb4 h6 29. Qe3 e5 30. Nf3 Nxf3 31. Qxf3 Qe7 32. Bh3 Bc6 33. Be6 Be8 34. Bd5 Rb2 35. Ra1 Rxb4 36. Ra8 Ra4 37. Rb8 Ra1+ 38. Kg2 Ra7 39. Qf2 Bf7 40. Rxb5 Bxd5 41. Rxd5 Rb7 42. h4 h5 43. d4 Rc7 44. dxe5 dxe5 45. Qb2 Rb7 46. Qxe5+ Qxe5 47. Rxe5 Rb4 48. Kf3 Rb1 49. Rd5 Kf6 50. Rd6+ Kf7 51. Kf4 Rg1 52. Rc6 Kg7 53. Rc7+ Kf6 54. e5+ Ke6 55. Rg7 Rf1+ 56. Kg5 Rf5+ 57. Kxg6 Rxe5 58. Kh6 Kf6 59. Rg6+ Kf7 60. Rg5 1-0

[Event "Wch Blitz"]
[Site "Riadh"]
[Date "2017.12.30"]
[Round "12"]
[White "Dobrov, Vladimir"]
[Black "Eljanov, Pavel"]
[Result "1-0"]
[WhiteElo "2515"]
[BlackElo "2711"]
[PlyCount "59"]
[EventDate "2017.12.29"]
[EventType "swiss (blitz)"]
[EventRounds "21"]
[EventCountry "SAU"]
[SourceTitle "CBM 182 Extra"]
[Source "ChessBase"]
[SourceDate "2018.02.23"]
[SourceVersion "1"]
[SourceVersionDate "2018.02.23"]
[SourceQuality "1"]

1. Nf3 {Edouard,Romain} d5 2. e3 c5 3. c4 d4 4. exd4 cxd4 5. Bd3 Nf6 ({RR} 5... Nc6 6. O-O Nf6 ({RR} 6... g6 7. Re1 Bg7 8. a3 a5 9. Bc2 ({RR} 9. Qe2) 9... d3 10. Ba4 Nh6 11. Nc3 O-O) 7. Bc2 Bg4 8. Ba4 Nd7 ({RR} 8... e5 9. h3 ({RR} 9. d3 Bd6) 9... Bxf3 10. Qxf3 e4 11. Qb3 Rb8 12. d3) 9. h3 Bh5 10. d3 e5 11. Re1 Be7 12. Nbd2 ({RR} 12. g4 Bg6 13. Nxe5 Ndxe5 14. Rxe5 O-O) 12... O-O 13. Ne4 Qc7 14. a3 a5 15. Ng3 Bg6 16. Bxc6 bxc6 17. Nxd4 exd4 18. Rxe7 Qd6 19. Re2 Nc5 20. Ne4 {Aronian,L (2773)-Vidit,S (2726) Chess.com INT 2020 CBM 196 [Edouard,Romain] 1-0 (56)} ({RR} 20. Rd2 a4) ({RR} 20. a4) {RR} 20... Bxe4 21. dxe4 Rfe8 22. f3 a4) ({RR} 5... Nc6 6. O-O Nf6 7. Re1 e6 8. Bc2 Bd6 9. d3 O-O 10. a3 a5 11. Nbd2 Re8 12. Nf1 h6 13. Rb1 e5 14. Bd2 Bg4 15. h3 Bf5 16. Ng3 Bh7 17. b4 axb4 18. axb4 e4 19. Nxe4 Nxe4 20. dxe4 {Gutierrez Olivares,D (2354)-Melikhov,E (2138) chess.com INT 2025 1-0 (69)}) 6. O-O g6 $146 ({RR} 6... Bg4 7. Re1 Nc6 8. a3 e6 9. Bc2 d3 10. Ba4 Bd6 11. b3 O-O 12. Bxc6 bxc6 13. Bb2 Rb8 14. b4 a5 15. h3 Bh5 16. g4 Bg6 17. Ne5 Qc7 18. Qf3 axb4 19. axb4 Rxb4 20. Bc3 Rb3 21. Nxg6 {Hros,R (2181)-Haring,V (2297) Slovakia 2017 0-1}) ({RR} 6... Bg4 7. Qa4+ Bd7 8. Qb3 Qc7 9. Nxd4 Nc6 10. Nxc6 Bxc6 11. Be2 e5 12. Qe3 Be7 13. Nc3 a6 14. d3 O-O 15. Ne4 Nd7 16. Qg3 f5 17. Bh6 Bf6 18. Nxf6+ Nxf6 19. Bd2 f4 20. Qh4 Rae8 21. Kh1 {Giesau,B-Thomele,M (1895) Wiesbaden 2012 1-0 (43)}) 7. Bc2 Bg7 8. d3 O-O 9. a3 a5 10. Re1 Nc6 11. Nbd2 Nd7 12. Rb1 b6 13. b4 Bb7 14. Nf1 e5 15. Ng3 h6 16. Bd2 axb4 17. axb4 Qc7 18. Bb3 Kh7 19. h4 f5 20. h5 g5 21. Bxg5 hxg5 22. Nxg5+ Kh6 23. Ne6 Qd6 24. c5 bxc5 25. bxc5 Nxc5 26. Qc1+ f4 27. Nxc5 Bc8 28. Nge4 Qd8 29. Ne6 Bxe6 30. Qxc6 1-0

[Event "Wch Blitz"]
[Site "Riadh"]
[Date "2017.12.30"]
[Round "13"]
[White "Guseinov, Gadir"]
[Black "Meier, Georg"]
[Result "1-0"]
[WhiteElo "2646"]
[BlackElo "2650"]
[PlyCount "91"]
[EventDate "2017.12.29"]
[EventType "swiss (blitz)"]
[EventRounds "21"]
[EventCountry "SAU"]
[SourceTitle "CBM 182 Extra"]
[Source "ChessBase"]
[SourceDate "2018.02.23"]
[SourceVersion "1"]
[SourceVersionDate "2018.02.23"]
[SourceQuality "1"]

1. Nf3 d5 2. b3 Nf6 3. Bb2 Bf5 4. g3 e6 5. Bg2 h6 6. O-O Be7 7. d3 O-O 8. Nbd2 c5 9. Re1 Nc6 10. e4 Bh7 11. a3 ({RR} 11. exd5 exd5 12. Ne5 Bd6 13. Nxc6 bxc6 14. Qf3 Bg6 15. Bxf6 Qxf6 16. Qxf6 gxf6 17. Bh3 Be5 18. Rad1 Bc3 19. Bd7 Bh5 20. f3 Rfd8 21. Bxc6 Rac8 22. Bb5 Rb8 23. Ba4 Kf8 24. Kg2 Rb6 25. Re2 Re6 {Anton Guijarro,D (2674)-Robson,R (2670) chess24.com INT 2020 1-0 (56)}) ({RR} 11. Qe2 d4 12. h4 e5 13. a4 Qc7 14. Nc4 b6 15. Nh2 a6 16. a5 b5 17. Nb6 Rad8 18. Nd5 Nxd5 19. exd5 Nb4 20. Ng4 f6 21. f4 Nxd5 22. fxe5 fxe5 23. Qxe5 Qxe5 24. Rxe5 h5 25. Bxd5+ Rxd5 {Moldovan,A (2140)-Peed,G (1818) chess.com INT 2025 1-0 (57)}) 11... Rc8 $146 ({RR} 11... Qc7 12. h3 Rfd8 13. Nh2 dxe4 14. Nxe4 Ne8 15. Nf3 Rac8 16. Rc1 b5 17. Qe2 Bg6 18. Qe3 Na5 19. Ne5 Bxe4 20. Qxe4 Nf6 21. Qe2 Bf8 22. Rcd1 Qb6 23. Qf3 Rc7 24. Bc1 Nd5 25. Bd2 f6 26. Ng6 {Petroczi,T (2203)-Aschenbrenner,R (2262) Austria 2010 1-0 (81)}) 12. h3 a6 13. Qe2 Re8 14. e5 Nd7 15. Nf1 b5 16. Rad1 Qc7 17. N1h2 Red8 18. Ng4 c4 19. dxc4 dxc4 20. bxc4 bxc4 21. Bc1 c3 22. Bf4 Nf8 23. Nf6+ gxf6 24. exf6 Bd6 25. Bxh6 Ng6 26. Ng5 Be5 27. Qh5 Bxf6 28. Nxh7 Be7 29. Bg5 Nd4 30. Nf6+ Bxf6 31. Bxf6 Nf5 32. Be4 Rxd1 33. Rxd1 Qc5 34. Qg5 Ng7 35. Qh6 Ne8 36. Bd4 Qf8 37. Qh5 Ng7 38. Qg5 Rd8 39. Bf3 e5 40. Bxc3 Rxd1+ 41. Bxd1 Qxa3 42. Qd2 Ne6 43. h4 Ne7 44. Bxe5 Nc6 45. Bf6 Qc5 46. Qh6 1-0

[Event "Wch Blitz"]
[Site "Riadh"]
[Date "2017.12.30"]
[Round "13"]
[White "Petrosian, Tigran L"]
[Black "Le, Quang Liem"]
[Result "1-0"]
[WhiteElo "2601"]
[BlackElo "2737"]
[PlyCount "77"]
[EventDate "2017.12.29"]
[EventType "swiss (blitz)"]
[EventRounds "21"]
[EventCountry "SAU"]
[SourceTitle "CBM 182 Extra"]
[Source "ChessBase"]
[SourceDate "2018.02.23"]
[SourceVersion "1"]
[SourceVersionDate "2018.02.23"]
[SourceQuality "1"]

1. Nf3 c5 2. g3 Nc6 3. Bg2 g6 4. O-O Bg7 5. e4 e5 6. c3 Nge7 7. d3 O-O 8. Nbd2 d5 9. a3 ({RR} 9. a4 b6 10. Re1 Re8 11. exd5 Nxd5 12. Qb3 Be6 13. Nc4 f6 14. d4 cxd4 15. cxd4 exd4 16. Qb5 Qd7 17. Ng5 fxg5 18. Rxe6 Rxe6 19. Bxd5 Kh8 20. Bxg5 Rae8 21. Kg2 h6 22. Bxe6 Qxe6 23. Bd2 Qe4+ {Gubajdullin,A (2238)-Yagiz,Y (2113) chess.com INT 2025 1-0}) 9... b6 $146 ({RR} 9... d4 10. c4 h6 11. Rb1 a5 12. h3 f5 13. exf5 gxf5 14. Nh4 Qd6 15. Qh5 Be6 16. Qe2 Rae8 17. Ndf3 e4 18. Ne1 Ne5 19. b3 N7c6 20. Bf4 Qd7 21. Rd1 a4 22. b4 cxb4 23. axb4 exd3 24. Nxd3 {Ruge,E (2201)-Mekhitarian,K (2562) chess.com INT 2024 0-1 (34)}) ({RR} 9... a5 10. a4 d4 11. Nc4 Be6 12. Ng5 Bxc4 13. dxc4 h6 14. Nf3 Qc7 15. Ne1 Rad8 16. Qe2 f5 17. Nd3 b6 18. f4 dxc3 19. bxc3 Qd6 20. Nxe5 Nxe5 21. fxe5 Qxe5 22. Bf4 Qxc3 23. Rad1 g5 24. Bc7 {Petrosian,T (2573)-Quparadze,G (2477) Warsaw 2021 ½-½ (69)}) ({RR} 9... a5 10. a4 h6 11. Re1 Be6 12. exd5 Bxd5 13. Qc2 Kh7 14. b3 Qc7 15. Nc4 f6 16. Nfd2 Bxg2 17. Kxg2 Rad8 18. Ba3 b6 19. Rad1 Rd7 20. Ne4 Rfd8 21. Re3 f5 22. Ned2 Nd5 23. Ree1 e4 24. dxe4 {Pultinevicius,P (2402)-Sharapov,E (2368) Chess.com INT 2018 0-1 (53)}) 10. Re1 Ba6 11. exd5 Nxd5 12. Nc4 Re8 13. Qc2 Qd7 14. a4 Rad8 15. Bg5 f6 16. Bd2 Nde7 17. Qb3 Kh8 18. Bf1 Qd5 19. Qd1 Nf5 20. Qe2 Bb7 21. Qe4 Qf7 22. Qg4 h5 23. Qh3 Kg8 24. Rad1 Na5 25. Bg2 Nxc4 26. dxc4 Bc8 27. g4 Nd6 28. Qg3 hxg4 29. Nh4 Nxc4 30. Bc1 g5 31. b3 gxh4 32. Qxh4 Na5 33. Be4 Bb7 34. Qh7+ Kf8 35. Bg6 Rxd1 36. Rxd1 Qxb3 37. Rd7 Re7 38. Rd8+ Re8 39. Rxe8# 1-0